Disorders of Hemostasis and Thrombosis: (Record no. 1118)

MARC details
000 -LEADER
fixed length control field 00952cam a22003014a 4500
001 - CONTROL NUMBER
control field 12376723
003 - CONTROL NUMBER IDENTIFIER
control field OSt
005 - DATE AND TIME OF LATEST TRANSACTION
control field 20170217192005.0
008 - FIXED-LENGTH DATA ELEMENTS--GENERAL INFORMATION
fixed length control field 010411s2001 nyua bf 001 0 eng
010 ## - LIBRARY OF CONGRESS CONTROL NUMBER
LC control number 2001268115
020 ## - INTERNATIONAL STANDARD BOOK NUMBER
International Standard Book Number 0071348344
040 ## - CATALOGING SOURCE
Original cataloging agency DLC
Transcribing agency DLC
Modifying agency DLC
042 ## - AUTHENTICATION CODE
Authentication code pcc
050 00 - LIBRARY OF CONGRESS CALL NUMBER
Classification number RC636
Item number .H37 2001
082 00 - DEWEY DECIMAL CLASSIFICATION NUMBER
Classification number WH 310 G62d 2001
Edition number 21
100 ## - MAIN ENTRY--PERSONAL NAME
Personal name Editors Scott, H. Goodnight; William, E. Hathaway
9 (RLIN) 11622
245 10 - TITLE STATEMENT
Title Disorders of Hemostasis and Thrombosis:
Remainder of title a clinical guide
250 ## - EDITION STATEMENT
Edition statement 2nd ed.
260 ## - PUBLICATION, DISTRIBUTION, ETC. (IMPRINT)
Place of publication, distribution, etc. New York;
Name of publisher, distributor, etc. McGraw-Hill,
Date of publication, distribution, etc. c2001.
300 ## - PHYSICAL DESCRIPTION
Extent xiv, 622 p. :
Other physical details ill. ;
Dimensions 23 cm.
504 ## - BIBLIOGRAPHY, ETC. NOTE
Bibliography, etc Includes bibliographical references and index.
650 #0 - SUBJECT ADDED ENTRY--TOPICAL TERM
Topical term or geographic name as entry element Blood
9 (RLIN) 3044
650 #0 - SUBJECT ADDED ENTRY--TOPICAL TERM
Topical term or geographic name as entry element Hemostasis
9 (RLIN) 3045
650 #0 - SUBJECT ADDED ENTRY--TOPICAL TERM
Topical term or geographic name as entry element Thrombosis
9 (RLIN) 3046
856 42 - ELECTRONIC LOCATION AND ACCESS
Materials specified Publisher description
Uniform Resource Identifier http://www.loc.gov/catdir/description/mh021/2001268115.html
906 ## - LOCAL DATA ELEMENT F, LDF (RLIN)
a 7
b cbc
c origcop
d 2
e ncip
f 20
g y-gencatlg
942 ## - ADDED ENTRY ELEMENTS (KOHA)
Source of classification or shelving scheme Other/Generic Classification Scheme
Koha item type Short Loan
Holdings
Withdrawn status Lost status Source of classification or shelving scheme Damaged status Not for loan Home library Current library Date acquired Source of acquisition Inventory number Total Checkouts Full call number Barcode Date last seen Koha item type
    Other/Generic Classification Scheme     MUST Main Library MUST Main Library 27/02/2015   13/37132   WH310 G62d 2001 2015-0418 27/02/2015 Short Loan